| 000 | 01062cam a2200289 a 4500 | ||
|---|---|---|---|
| 001 | 3089244 | ||
| 003 | ARRUPE | ||
| 005 | 20160718124935.0 | ||
| 008 | 980625s1999 mnu b 001 0 eng | ||
| 010 | _a 98034347 | ||
| 020 | _a0814659233 (pbk. alk. paper) | ||
| 040 |
_aDLC _cDLC _dDLC |
||
| 043 | _an-us--- | ||
| 050 | 0 | 0 |
_aBR115.A8 _bG37 1999 |
| 082 | 0 | 0 |
_a230/.089/68 _221 |
| 100 | 2 |
_aGarcía-Rivera, Alex. _924403 |
|
| 245 | 1 | 4 |
_aThe community of the beautiful : _ba theological aesthetics / _cAlejandro García-Rivera. |
| 260 |
_aCollegeville, Minn. : _bLiturgical Press, _cc1999. |
||
| 300 |
_aix, 211 p. ; _c23 cm. |
||
| 500 | _a"A Michael Glazier book." | ||
| 504 | _aIncludes bibliographical references (p. 197-207) and index. | ||
| 650 | 0 |
_aAesthetics _xReligious aspects _xChristianity. _92757 |
|
| 650 | 0 |
_aHispanic American theology. _924404 |
|
| 906 |
_a7 _bcbc _corignew _d1 _eocip _f19 _gy-gencatlg |
||
| 942 |
_2lcc _cMONOGRAPH |
||
| 999 |
_c124804 _d124804 |
||